Districts of Kent Quiz Stats

 Plays Quiz not verified by Sporcle

Challenge
Share
Tweet
Embed
Score 0/13 Timer 05:00
0 Plays Today
District % Correct
Dover
80.4%
Maidstone
79.8%
Canterbury
79.6%
Ashford
75.7%
Medway
74.7%
Thanet
65.4%
Tunbridge Wells
64.6%
Dartford
63.5%
Sevenoaks
61.6%
Shepway
45.8%
Swale
43.1%
Gravesham
39.8%
Tonbridge and Malling
39.8%

You're not logged in!

Compare scores with friends on all Sporcle quizzes.
Join for Free
OR
Log In

You Might Also Like...

Show Comments

Extras

Created Feb 5, 2010ReportNominate
Tags:district, kent

Top Quizzes Today


Score Distribution

Your Account Isn't Verified!

In order to create a playlist on Sporcle, you need to verify the email address you used during registration. Go to your Sporcle Settings to finish the process.

Report this User

Report this user for behavior that violates our Community Guidelines.

Details: